Advances in imaging and electron physics
Wedi'i Gadw mewn:
| Prif Awdur: | |
|---|---|
| Fformat: | Llyfr |
| Iaith: | Undetermined |
| Cyhoeddwyd: |
Boston
Elsevier Academic Press
2003
|
| Pynciau: | |
| Tagiau: |
Ychwanegu Tag
Dim Tagiau, Byddwch y cyntaf i dagio'r cofnod hwn!
|
| Thư viện lưu trữ: | Trung tâm Học liệu Trường Đại học Cần Thơ |
|---|
| LEADER | 00572nam a2200193Ia 4500 | ||
|---|---|---|---|
| 001 | CTU_93208 | ||
| 008 | 210402s9999 xx 000 0 und d | ||
| 020 | |c 181.30 | ||
| 082 | |a 537.5 | ||
| 082 | |b H288/Vol.129 | ||
| 100 | |a Harmuth, Henning F. | ||
| 245 | 0 | |a Advances in imaging and electron physics | |
| 245 | 0 | |c Henning F. Harmuth, Beate Meffert | |
| 260 | |a Boston | ||
| 260 | |b Elsevier Academic Press | ||
| 260 | |c 2003 | ||
| 650 | |a Electrons,Image processing,Electronics | ||
| 904 | |i Tuyến,Hải | ||
| 980 | |a Trung tâm Học liệu Trường Đại học Cần Thơ | ||